• 首页
  • 本馆介绍
  • 公告通知
  • 最新文献
  • 馆藏检索
  • 电子资源
  • 读者导购
  • 参考咨询
  • 我的图书馆
  • 登录
  • 详细信息显示
  • 放入我的书架
  • 预约/预借图书
  • 作者相关作品
  • 分类相关作品
  • 丛书相关作品
  • 出版社相关作品

书目信息

  • 表格格式
  • 工作单格式
  • 卡片格式
题名:
北京地区部分树种生态功能研究
    
 
作者: 李少宁 , 鲁绍伟 , 孔令伟 主编
分册:  
出版信息: 北京   中国林业出版社  2014
页数: 114页
开本: 26cm
丛书名:
单 册:
中图分类: S79
科图分类:
主题词: 抗污染树种--研究--北京
电子资源:
ISBN: 978-7-5038-7703-2
000 01095nam0 2200265 450
001 012015000282
005 20150914163906.20
010    @a978-7-5038-7703-2@dCNY68.00
100    @a20150129d2014 em y0chiy50 ea
101 0  @achi
102    @aCN@b110000
105    @aa z 000yy
106    @ar
200 1  @a北京地区部分树种生态功能研究@Abei jing di qu bu fen shu zhong sheng tai gong neng yan jiu@dResearch on ecological services of some tree species in Beijing@f李少宁,鲁绍伟,孔令伟主编@zeng
210    @a北京@c中国林业出版社@d2014
215    @a114页@c图@d26cm
330    @a本书介绍了空气负离子分布特征及其评价研究、林木吸滞污染物功能及其评价研究、林木滞尘能力研究、林木消减噪音效应研究、城市森林内颗粒物变化特征分析等内容。
510 1  @aResearch on ecological services of some tree species in Beijing@zeng
606 0  @a抗污染树种@x研究@y北京
690    @aS79@v5
701  0 @a李少宁@Ali shao ning@f(1975-)@4主编
701  0 @a鲁绍伟@Alu shao wei@f(1972-)@4主编
701  0 @a孔令伟@Akong ling wei@f(1981-)@4主编
801  0 @aCN@b碧洲教育@c20150716
905    @a10447@f4@dS79@e82
    
    北京地区部分树种生态功能研究=Research on ecological services of some tree species in Beijing/李少宁,鲁绍伟,孔令伟主编.-北京:中国林业出版社,2014
    114页:图;26cm
    
    
    ISBN 978-7-5038-7703-2:CNY68.00
    本书介绍了空气负离子分布特征及其评价研究、林木吸滞污染物功能及其评价研究、林木滞尘能力研究、林木消减噪音效应研究、城市森林内颗粒物变化特征分析等内容。
●
相关链接 在E读中查询图书 在五车中查询图书 在当当中查询图书 在豆瓣中查询图书


正题名:北京地区部分树种生态功能研究     索取号:S79/82         预约/预借

序号 登录号 条形码 馆藏地/架位号 状态 备注
1 0849910   208499105   第二样本阅览室/ [索取号:S79/82] 在馆    
2 0849911   208499114   生命科学系资料室/ [索取号:S79/82] 在馆    
3 0849912   208499123   第三借阅区/ [索取号:S79/82] 在馆    
4 0849913   208499132   第三借阅区/ [索取号:S79/82] 在馆    
唐山师范学院图书馆 欢迎您!
大连网信软件有限公司© 版权所有